000 01173nam a2200217Ia 4500
999 _c55877
_d55877
001 22975
003 GE_BSU
005 20230608112335.0
008 181216s ||||ge |||||||||||||| ||geo||
040 _cGE_BSU
041 _ageo
080 _a821.353.1.09 ა-98
245 _aახალი ქართული ლიტერატურის ისტორია 1 /
_cრედ. დავით გამეზარდაშვილი.
264 _aთბილისი :
_bთბილ. სახელმწ. უნ-ტის გამ-ბა,
_c1956.
300 _a526 გვ. ;
_c21 სმ.
541 _h10 ლ.
653 _aახალი ქართული ლიტერატურის ისტორია 1
700 _aგამეზარდაშვილი, დავით
_eრედაქტორი
_91225
710 _aი.ბ. სტალინის სახელობის თბილისის სახელმწიფო უნივერსიტეტი
_bახალი ქართული ლიტერატურის ისტორიის კათედრა
_918565
942 _cBK
_2udc